000 00769nam a2200241Ia 4500
001 9825
003 GE_BSU
008 181216s||||||||xx |||||||||||||| ||und||
040 _cGE_BSU
080 _a821.353.1-1
100 _aახვლედიანი,ვახტანგ
245 _aნათია,ქალო ნათელა
245 _bლექსები
245 _cრედ.ნაირა ჯიჯავაძე.მხატვ.ვახტანგ აბაშიძე
260 _aბათუმი
260 _bალიონი
260 _c1999
300 _a64გვ.ილ.21სმ.
541 _h2ლ.
653 _aლექსები
653 _aნათია,ქალო ნათელა
942 _cBK
999 _c43104
_d43104